000 00672nam a2200217 a 4500
001 000011089
005 20240412074223.0
008 091014s1977 dr 001 p spa d
040 _aDO-SdBNP
_bspa
_cBNPHU
082 _aRD861.44
_bV732c
100 1 _aVillegas, Víctor,
_d1924-
_97800
245 1 0 _aCharlotte Amalie :
_bpoesía /
_cVíctor Villegas.
260 _aSanto Domingo :
_bTaller,
_c1977.
300 _a112 p. ;
_c21 cm.
490 1 _aEl silbo vulnerado
590 _aInventariado, 2019 / DG
650 0 _aPoesía dominicana
_966
650 0 _aLiteratura dominicana.
_967
830 0 _aEl silbo vulnerado
_925195
910 _aValidado. Control de calidad BNPHU
999 _c10814
_d10814